000 00953cam a2200181 4500
001 ##WS135196
008 061004n 000 0 eng u
035 _a(Sirsi) u135196
041 0 _aeng
110 2 _aDesign Network
_95055
245 0 0 _aDesign best practice
520 _aWebsite of Design Network, a group of leading consultancies which share information about design solutions to make construction safer and encourage compliance with the CDM Regulations. Provides over 100 case studies, arranged in a co-ordinated product information index and a safety, health and environmental index. Members can submit case studies to the website. Also includes useful links, background information on the Design Network and a members forum.
590 _aIKA171006
650 2 4 _aCDM REGULATIONS
690 _aBUILT ENVIRONMENT-CONSTRUCTION DESIGN
856 4 0 _uhttps://www.dbp.org.uk/
_zView the website free of charge at www.dbp.org.uk...
942 _n0
999 _c105942
_d105942